Batalla de Ayacucho (Registro nro. 6586)

Detalles MARC
000 -CABECERA
Longitud fija campo de control 01185nam a2200313Ia 4500
005 - • FECHA Y HORA DE LA ÚLTIMA TRANSACCIÓN
Fecha y hora de la última transacción 20220317001319.0
007 - • CAMPO FIJO DE DESCRIPCIÓN FÍSICA
Campo fijo de descripción física ta
008 - • CÓDIGOS DE INFORMACIÓN DE LONGITUD FIJA
Códigos de información de longitud fija 161108s2010 ck ao jr 000 0 spa d
020 ## - • NÚMERO INTERNACIONAL NORMALIZADO PARA LIBROS
Número Internacional Normalizado para Libros (ISBN) 9789584465269
020 ## - • NÚMERO INTERNACIONAL NORMALIZADO PARA LIBROS
Número Internacional Normalizado para Libros (ISBN) 9789584465153
Información calificativa (Obra completa)
040 ## - FUENTE DE LA CATALOGACIÓN
Centro catalogador de origen CO-BoRNBP
Lengua de catalogación spa
Centro transcriptor CO-BoRNBP
Normas de descripción rda
041 0# - • CÓDIGO DE LENGUA
Código de lengua del texto/banda sonora o título independiente spa
043 ## - CÓDIGO DE ÁREA GEOGRÁFICA
Código de área geográfica s-ck---
082 04 - • NÚMERO DE LA CLASIFICACIÓN DECIMAL DEWEY
Número de clasificación (R) 986.102
Número del ítem P65b
Número de edición 23
100 1# - • PUNTO DE ACCESO PRINCIPAL-NOMBRE DE PERSONA
Nombre de persona Pombo, Rafael
Fechas asociadas al nombre 1833-1912
Término indicativo de función autor
245 10 - • TITULO PROPIAMENTE DICHO
Título Batalla de Ayacucho
Mención de responsabilidad, etc. Rafael Pombo ; concepción y dirección editorial Carlos Nicolás Hernández Camacho
250 ## - • MENCIÓN DE EDICIÓN
Mención de edición Primera edición
264 #1 - PRODUCCIÓN, PUBLICACIÓN , DISTRIBUCIÓN, FABRICACIÓN Y COPYRIGHT
Lugar de producción, publicación, distribución, fabricación Bogotá
Nombre del productor, editor, distribuidor, fabricante Carlos Nicolás Hernández Camacho
Fecha de de producción, publicación, distribución, fabricación o copyright 2010
300 ## - • DESCRIPCIÓN FÍSICA
Extensión 80 páginas
Otras características físicas ilustraciones, fotografías a color
Dimensiones 32 cm
336 ## - TIPO DE CONTENIDO
Término de tipo de contenido texto
Código de tipo de contenido txt
Fuente rdacontent
337 ## - TIPO DE MEDIO
Nombre del tipo de medio sin mediación
Código del tipo de medio n
Fuente rdamedia
338 ## - TIPO DE SOPORTE
Nombre del tipo de soporte volumen
Código del tipo de soporte nc
Fuente rdacarrier
490 ## - • MENCIÓN DE SERIE
Mención de serie Biblioteca colombiana ilustrada. Bicentenario de la Independencia
521 ## - • NOTA DE PÚBLICO DESTINATARIO
Nota público destinatario (R ) Recomendado para un público mayor de 12 años
650 17 - • PUNTO DE ACCESO ADICIONAL DE MATERIA - TÉRMINO DE MATERIA
Término de materia o nombre geográfico como elemento inicial Peru
Subdivisión de materia general Historia
Subdivisión cronológica Guerra de Independencia 1808-1824
Fuente del encabezamiento o término ARMARC
650 17 - • PUNTO DE ACCESO ADICIONAL DE MATERIA - TÉRMINO DE MATERIA
Término de materia o nombre geográfico como elemento inicial Batalla de Ayacucho
Subdivisión cronológica 1824
Fuente del encabezamiento o término ARMARC
700 1# - • PUNTO DE ACCESO ADICIONAL - NOMBRE DE PERSONA
Nombre de persona Hernández Camacho, Carlos Nicolás
Fechas asociadas al nombre 1953-
Término indicativo de función editor
942 ## - ENTRADA DE ELEMENTOS AGREGADOS (KOHA)
Fuente de clasificaión o esquema Dewey Decimal Classification
Koha [por defecto] tipo de item LIbro
Existencias
Perdido Estado Físico No para préstamo Forma de adquisición Localización permanente Localización actual Localización en estanterías Fecha adquisición Signatura completa Código de barras Fecha última consulta Número de copia Fecha del precio de reemplazo Tipo de item de Koha Note pública Fuente de clasificación o esquema Préstamos totales
      Sala de Referencia Maruja Hernández de Gil Biblioteca Pública Departamental Eduardo Carranza - Villavicencio Biblioteca Pública Departamental Eduardo Carranza - Villavicencio Referencia 08/30/2012 R 985.04120 P65b ECA21389 11/25/2024 Ej.2 11/25/2024 LIbro 15071 | 19707    
      Sala de Referencia Maruja Hernández de Gil Biblioteca Pública Departamental Eduardo Carranza - Villavicencio Biblioteca Pública Departamental Eduardo Carranza - Villavicencio Referencia 02/06/2012 R 985.04120 P65b ECA20502 11/25/2024 Ej.1 11/25/2024 LIbro 15071 | 19706    
      Infantil Biblioteca Pública La Macarena Biblioteca Pública La Macarena Sala Infantil 07/11/2025 11/07/2025 LM02456 07/11/2025 Ej.1 07/11/2025 LIbro   Dewey Decimal Classification  









Instituto Departamental de Cultura del Meta - Red Departamental de Bibliotecas Públicas del Meta.